| 000 | 00419nam a22001697a 4500 | ||
|---|---|---|---|
| 003 | SGT | ||
| 020 | _a8120819594 | ||
| 082 |
_a615 _bA03W |
||
| 100 | _aWILLIAMS, KENNETH | ||
| 245 | _aASTRONOMICAL PUBLICATION OF VEDIC MATHEMATICS | ||
| 250 | _a1ST | ||
| 260 |
_aDELHI _bMOTILAL BANARSIDAS PUB. _c2003 |
||
| 300 | _a140 | ||
| 650 | _aAYURVEDA | ||
| 653 | _aASTRONOMICAL , VEDIC , MATHEMATICS | ||
| 942 |
_2ddc _cGF BOOKS |
||
| 999 |
_c32089 _d32089 |
||